Martin Scorsese’s Favourite Actors - Statistics

General Stats
  • This quiz has been taken 27 times
  • The average score is 5 of 18
Answer Stats
Number of Movies Actor Name % Correct
6 Leonardo DiCaprio
96%
10 Robert DeNiro
96%
4 Joe Pesci
88%
2 Daniel Day-Lewis
46%
6 Harvey Keitel
46%
2 Jodie Foster
21%
2 Alec Baldwin
17%
3 Frank Vincent
17%
2 Willem Dafoe
17%
7 Catherine Scorsese
8%
2 Barbara Hershey
4%
2 David Carradine
4%
3 Diahnne Abbott
0%
3 Gary Basaraba
0%
6 Harry Northup
0%
2 Louis Cancelmi
0%
2 Verna Bloom
0%
5 Victor Argo
0%
No matching quizzes found
Score Distribution
Percent of People with Each Score
Percentile by Number Answered
Your Score History
You have not taken this quiz